000 00627nam a2200205Ia 4500
001 15352
003 GE_BSU
008 181216s||||||||xx |||||||||||||| ||und||
040 _cGE_BSU
080 _a821.353.1-1
100 _aღლონტი,ვახტანგ
245 _aსიყვარული
245 _cრედ.ზ.ფირცხალაიშვილი,მხატვ. ნ.ნიჟარაძე
260 _aთბილისი
260 _bსაბჭოთა აჭარა
260 _c1983
300 _a36გვ.17სმ.
653 _aსიყვარული
942 _cBK
999 _c48458
_d48458